<?xml version="1.0" encoding="UTF-8"?>
<record
    xmlns:xsi="http://www.w3.org/2001/XMLSchema-instance"
    xsi:schemaLocation="http://www.loc.gov/MARC21/slim http://www.loc.gov/standards/marcxml/schema/MARC21slim.xsd"
    xmlns="http://www.loc.gov/MARC21/slim">

  <leader>01552cam a22002771i 4500</leader>
  <controlfield tag="003">SA-RiAUC</controlfield>
  <controlfield tag="005">20250509131238.0</controlfield>
  <controlfield tag="008">250509s2002____su     g b    00000dara c</controlfield>
  <datafield tag="040" ind1=" " ind2=" ">
    <subfield code="a">MASH</subfield>
    <subfield code="b">ara</subfield>
    <subfield code="c">SA-RiAUC</subfield>
    <subfield code="e">rda</subfield>
  </datafield>
  <datafield tag="082" ind1="0" ind2="4">
    <subfield code="a">011.31</subfield>
  </datafield>
  <datafield tag="090" ind1=" " ind2=" ">
    <subfield code="a">011.31  </subfield>
    <subfield code="b">   &#x634; &#x628; &#x644;</subfield>
  </datafield>
  <datafield tag="100" ind1="1" ind2=" ">
    <subfield code="a">&#x627;&#x644;&#x634;&#x628;&#x644;&#x60C; &#x639;&#x644;&#x64A; &#x628;&#x646; &#x639;&#x628;&#x62F; &#x627;&#x644;&#x639;&#x632;&#x64A;&#x632; &#x628;&#x646; &#x639;&#x644;&#x64A;&#x60C;</subfield>
    <subfield code="d">1388 &#x647;&#x62C;&#x631;&#x64A;-</subfield>
    <subfield code="e">&#x645;&#x624;&#x644;&#x641;.</subfield>
  </datafield>
  <datafield tag="245" ind1="1" ind2="2">
    <subfield code="a">&#x627;&#x644;&#x625;&#x62B;&#x628;&#x627;&#x62A; &#x641;&#x64A; &#x645;&#x62E;&#x637;&#x648;&#x637;&#x627;&#x62A; &#x627;&#x644;&#x623;&#x626;&#x645;&#x629; :</subfield>
    <subfield code="b">&#x634;&#x64A;&#x62E; &#x627;&#x644;&#x625;&#x633;&#x644;&#x627;&#x645; &#x627;&#x628;&#x646; &#x62A;&#x64A;&#x645;&#x64A;&#x629; (661-728 &#x647;&#x640;) &#x648;&#x627;&#x644;&#x639;&#x644;&#x627;&#x645;&#x629; &#x627;&#x628;&#x646; &#x627;&#x644;&#x642;&#x64A;&#x645; (691-751 &#x647;&#x640;) &#x648;&#x627;&#x644;&#x62D;&#x627;&#x641;&#x638; &#x627;&#x628;&#x646; &#x631;&#x62C;&#x628; (763-795 &#x647;&#x640;) /</subfield>
    <subfield code="c">&#x639;&#x644;&#x64A; &#x628;&#x646; &#x639;&#x628;&#x62F; &#x627;&#x644;&#x639;&#x632;&#x64A;&#x632; &#x628;&#x646; &#x639;&#x644;&#x64A; &#x627;&#x644;&#x634;&#x628;&#x644;.</subfield>
  </datafield>
  <datafield tag="250" ind1=" " ind2=" ">
    <subfield code="a">&#x627;&#x644;&#x637;&#x628;&#x639;&#x629; &#x627;&#x644;&#x623;&#x648;&#x644;&#x649;.</subfield>
  </datafield>
  <datafield tag="264" ind1=" " ind2="1">
    <subfield code="a">&#x627;&#x644;&#x631;&#x64A;&#x627;&#x636; :</subfield>
    <subfield code="b">&#x645;&#x643;&#x62A;&#x628;&#x629; &#x627;&#x644;&#x631;&#x634;&#x62F;&#x60C;</subfield>
    <subfield code="c">2002</subfield>
  </datafield>
  <datafield tag="300" ind1=" " ind2=" ">
    <subfield code="a">438 &#x635;&#x641;&#x62D;&#x629; &#x61B;</subfield>
    <subfield code="c">24 &#x633;&#x645;</subfield>
  </datafield>
  <datafield tag="336" ind1=" " ind2=" ">
    <subfield code="a">&#x646;&#x635;</subfield>
    <subfield code="b">txt</subfield>
    <subfield code="2">rdacontent</subfield>
    <subfield code="3">&#x643;&#x62A;&#x627;&#x628;</subfield>
  </datafield>
  <datafield tag="337" ind1=" " ind2=" ">
    <subfield code="a">&#x628;&#x62F;&#x648;&#x646; &#x648;&#x633;&#x64A;&#x637;</subfield>
    <subfield code="b">n</subfield>
    <subfield code="2">rdamedia</subfield>
  </datafield>
  <datafield tag="338" ind1=" " ind2=" ">
    <subfield code="a">&#x645;&#x62C;&#x644;&#x62F;</subfield>
    <subfield code="b">nc</subfield>
    <subfield code="2">rdacarrier</subfield>
  </datafield>
  <datafield tag="600" ind1="1" ind2="7">
    <subfield code="a">&#x627;&#x628;&#x646; &#x62A;&#x64A;&#x645;&#x64A;&#x629;&#x60C; &#x623;&#x62D;&#x645;&#x62F; &#x628;&#x646; &#x639;&#x628;&#x62F; &#x627;&#x644;&#x62D;&#x644;&#x64A;&#x645; &#x628;&#x646; &#x639;&#x628;&#x62F; &#x627;&#x644;&#x633;&#x644;&#x627;&#x645;&#x60C;</subfield>
    <subfield code="d">661-728 &#x647;&#x62C;&#x631;&#x64A;</subfield>
    <subfield code="x">&#x645;&#x62E;&#x637;&#x648;&#x637;&#x627;&#x62A;</subfield>
    <subfield code="v">&#x628;&#x628;&#x644;&#x64A;&#x648;&#x62C;&#x631;&#x627;&#x641;&#x64A;&#x627;&#x62A;</subfield>
    <subfield code="2">aucnm</subfield>
  </datafield>
  <datafield tag="600" ind1="1" ind2="7">
    <subfield code="a">&#x627;&#x628;&#x646; &#x642;&#x64A;&#x645; &#x627;&#x644;&#x62C;&#x648;&#x632;&#x64A;&#x629;&#x60C; &#x645;&#x62D;&#x645;&#x62F; &#x628;&#x646; &#x623;&#x628;&#x64A; &#x628;&#x643;&#x631; &#x628;&#x646; &#x623;&#x64A;&#x648;&#x628;&#x60C;</subfield>
    <subfield code="d">691-751 &#x647;&#x62C;&#x631;&#x64A;</subfield>
    <subfield code="x">&#x645;&#x62E;&#x637;&#x648;&#x637;&#x627;&#x62A;</subfield>
    <subfield code="v">&#x628;&#x628;&#x644;&#x64A;&#x648;&#x62C;&#x631;&#x627;&#x641;&#x64A;&#x627;&#x62A;</subfield>
    <subfield code="2">aucnm</subfield>
  </datafield>
  <datafield tag="600" ind1="1" ind2="7">
    <subfield code="a">&#x627;&#x628;&#x646; &#x631;&#x62C;&#x628;&#x60C; &#x639;&#x628;&#x62F; &#x627;&#x644;&#x631;&#x62D;&#x645;&#x646; &#x628;&#x646; &#x623;&#x62D;&#x645;&#x62F; &#x628;&#x646; &#x631;&#x62C;&#x628;&#x60C;</subfield>
    <subfield code="d">736-795 &#x647;&#x62C;&#x631;&#x64A;</subfield>
    <subfield code="x">&#x645;&#x62E;&#x637;&#x648;&#x637;&#x627;&#x62A;</subfield>
    <subfield code="v">&#x628;&#x628;&#x644;&#x64A;&#x648;&#x62C;&#x631;&#x627;&#x641;&#x64A;&#x627;&#x62A;</subfield>
    <subfield code="2">aucnm</subfield>
  </datafield>
  <datafield tag="650" ind1=" " ind2="7">
    <subfield code="a">&#x627;&#x644;&#x645;&#x62E;&#x637;&#x648;&#x637;&#x627;&#x62A; &#x627;&#x644;&#x639;&#x631;&#x628;&#x64A;&#x629;</subfield>
    <subfield code="v">&#x628;&#x628;&#x644;&#x64A;&#x648;&#x62C;&#x631;&#x627;&#x641;&#x64A;&#x627;&#x62A;</subfield>
    <subfield code="2">aucsh</subfield>
  </datafield>
  <datafield tag="942" ind1=" " ind2=" ">
    <subfield code="2">ddc</subfield>
    <subfield code="c">BOOK</subfield>
    <subfield code="n">0</subfield>
  </datafield>
  <datafield tag="949" ind1=" " ind2=" ">
    <subfield code="a">SA-JeALM</subfield>
    <subfield code="d">250509</subfield>
    <subfield code="u">mohamedma123</subfield>
    <subfield code="n">1</subfield>
  </datafield>
  <datafield tag="952" ind1=" " ind2=" ">
    <subfield code="0">0</subfield>
    <subfield code="1">0</subfield>
    <subfield code="2">ddc</subfield>
    <subfield code="4">0</subfield>
    <subfield code="7">0</subfield>
    <subfield code="a">WAHAB</subfield>
    <subfield code="b">WAHAB</subfield>
    <subfield code="d">2025-05-09</subfield>
    <subfield code="l">0</subfield>
    <subfield code="o">011.31  &#x634; &#x628; &#x644;</subfield>
    <subfield code="p">000012843</subfield>
    <subfield code="r">2025-05-09 13:13:43</subfield>
    <subfield code="w">2025-05-09</subfield>
    <subfield code="y">BOOK</subfield>
  </datafield>
  <datafield tag="999" ind1=" " ind2=" ">
    <subfield code="c">7708</subfield>
    <subfield code="d">7708</subfield>
  </datafield>
</record>
